Washington Wizards 2025-2026 Roster - Statistics

General Stats
  • This quiz has been taken 33 times
    20 since last reset
  • The average score is 11 of 17
Answer Stats
Jersey # Pos Answer % Correct
23 F-C Anthony Davis
100%
3 G Trae Young
100%
20 C Alex Sarr
88%
0 G Bilal Coulibaly
76%
12 G Tre Johnson
76%
7 G Bub Carrington
71%
18 F Kyshawn George
71%
27 F Will Riley
71%
16 F Anthony Gill
65%
00 F Tristan Vukcevic
65%
1 F Cam Whitmore
59%
8 G Jaden Hardy
59%
5 F Jamir Watkins
53%
9 G-F Justin Champagnie
53%
5* G D'Angelo Russell
41%
13 G Sharife Cooper
41%
55 G Keshon Gilbert
12%
No matching quizzes found
Score Distribution
Percent of People with Each Score
Percentile by Number Answered
Your Score History
You have not taken this quiz since the last reset